| 000 | 00441nam a2200133Ia 4500 | ||
|---|---|---|---|
| 008 | 170516s9999 xx 000 0 und d | ||
| 245 | _aTelemedicine: an enhanced emergency care program for older adults | ||
| 260 | _bSmart Homecare Technology and TeleHealth | ||
| 260 | _c2014 | ||
| 300 | _a2: | ||
| 650 | _xMedical Technology | ||
| 650 | _xMedtech | ||
| 856 | _uhttps://www.dovepress.com/smart-homecare-technology-and-telehealth-i937-j140 | ||
| 999 |
_c330818 _d330818 |
||